Beneficial effects of a plant-growth-promoting rhizobacterium on the early growth of Pueraria phaseoloides (Record no. 54700)

MARC details
000 -LEADER
fixed length control field 00393nam a2200121Ia 4500
100 ## - MAIN ENTRY--AUTHOR NAME
Personal name Ikram A
245 #0 - TITLE STATEMENT
Title Beneficial effects of a plant-growth-promoting rhizobacterium on the early growth of Pueraria phaseoloides
260 ## - PUBLICATION, DISTRIBUTION, ETC. (IMPRINT)
Name of publisher Journal of Natural Rubber Research
Year of publication 1989
300 ## - PHYSICAL DESCRIPTION
Number of Pages 219-222
650 ## - SUBJECT ADDED ENTRY--TOPICAL TERM
Topical Term Pueraria phaseoloides
942 ## - ADDED ENTRY ELEMENTS (KOHA)
Koha item type Journals
Holdings
Withdrawn status Lost status Damaged status Not for loan Home library Current library Shelving location Date acquired Serial Enumeration / chronology Koha item type
      Journals RRII Library RRII Library Pathology 17/12/2021 Volume 4, Issue 3 Journals